Countries by NBA Player - Statistics

General Stats
  • This quiz has been taken 43 times
  • The average score is 16 of 30
Answer Stats
Hint Answer % Correct
Lebron James USA
95%
Yao Ming China
90%
Pau Gasol Spain
85%
Steve Nash Canada
82%
Giannis Antetokoumpo Greece
82%
Manu Ginobilli Argentina
77%
Rudy Gobert France
74%
Dirk Nowitzki Germany
74%
Kyrie Irving Australia
72%
Joel Embiid Cameroon
72%
Luka Doncic Slovenia
69%
Lauri Markkanen Finland
62%
Rui Hachimura Japan
62%
Steven Adams New Zealand
51%
Boban Marjanovic Serbia
49%
Manute Bol South Sudan
49%
Domantas Sabonis Lithuania
46%
Danilo Gallinari Italy
44%
Dikembe Mutombo Democratic Republic of the Congo
41%
Karl-Anthony Towns Dominican Republic
41%
Buddy Hield Bahamas
38%
Jusuf Nurkic Bosnia and Herzegovina
38%
Nikola Vučević Montenegro
33%
Anderson Varejão Brazil
28%
OG Anunoby United Kingdom
28%
Zaza Pachulia Georgia
26%
Josh Okogie Nigeria
23%
Jordan Clarkson Philippines
23%
Clint Capela Switzerland
23%
Gilbert Arenas Cuba
3%
No matching quizzes found
Score Distribution
Percent of People with Each Score
Percentile by Number Answered
Your Score History
You have not taken this quiz